[Event "EWICC 2019"]
[Site "Antalya"]
[Date "2019.04.21"]
[Round "10.11"]
[White "Goryachkina, Aleksandra"]
[Black "Badelka, Olga"]
[Result "1/2-1/2"]
[WhiteElo "2534"]
[BlackElo "2381"]
[Annotator "ChessBase"]
[PlyCount "63"]
[EventDate "2019.04.11"]
[EventType "swiss"]
[EventCountry "TUR"]
[SourceTitle "playchess.com"]
[Source "ChessBase"]
[SourceQuality "1"]

1. d4 Nf6 2. c4 e6 3. Nf3 d5 4. Nc3 Bb4 5. Bg5 dxc4 6. e4 c5 7. Bxc4 cxd4 8. Nxd4 Bxc3+ 9. bxc3 Qa5 10. Bb5+ Nbd7 11. Bxf6 Qxc3+ 12. Kf1 gxf6 13. h4 a6 14. Rh3 Qb4 15. Be2 Ne5 16. Rb1 Qd6 17. Rc3 Bd7 18. Rxb7 Rd8 19. Rb2 O-O 20. Rd2 Bb5 21. Bxb5 axb5 22. Nb3 Qb6 23. Qc1 h5 24. Rg3+ Ng6 25. Rxd8 Rxd8 26. Qh6 Qc7 27. Rxg6+ fxg6 28. Qxg6+ Qg7 29. Qxh5 Qd7 30. Qg6+ Qg7 31. Qh5 Qd7 32. Qg6+ 1/2-1/2

[Event "EWICC 2019"]
[Site "Antalya"]
[Date "2019.04.21"]
[Round "10.12"]
[White "Balajayeva, Khanim"]
[Black "Shuvalova, Polina"]
[Result "1/2-1/2"]
[WhiteElo "2358"]
[BlackElo "2457"]
[Annotator "ChessBase"]
[PlyCount "262"]
[EventDate "2019.04.11"]
[EventType "swiss"]
[EventCountry "TUR"]
[SourceTitle "playchess.com"]
[Source "ChessBase"]
[SourceQuality "1"]

1. e4 c5 2. Nf3 Nc6 3. c3 d5 4. exd5 Qxd5 5. d4 e6 6. Na3 Nf6 7. Nb5 Qd8 8. dxc5 Bxc5 9. Qxd8+ Kxd8 10. b4 Bb6 11. Nd6 Ke7 12. Nc4 Ne4 13. Nxb6 axb6 14. Bb2 Rd8 15. Be2 f6 16. O-O e5 17. Rfd1 Rxd1+ 18. Bxd1 Be6 19. a3 Rd8 20. Ba4 g5 21. Rd1 Nd6 22. Bc2 h6 23. Nd2 Nb8 24. Ne4 Nc4 25. Rxd8 Kxd8 26. Bc1 Ke7 27. Ng3 Nd6 28. Ne4 f5 29. Nxd6 Kxd6 30. a4 Nd7 31. f3 f4 32. Kf2 Nf6 33. h3 Bd5 34. Bb2 Ke6 35. a5 b5 36. Bd3 Bc4 37. Bxc4+ bxc4 38. b5 Kd5 39. a6 bxa6 40. bxa6 Kc6 41. Ba3 Nd7 42. g4 Kb6 43. h4 gxh4 44. Kg2 Kxa6 45. Kh3 e4 46. fxe4 f3 47. Be7 f2 48. Kg2 Ne5 49. Kxf2 Nxg4+ 50. Kf3 h3 51. Bc5 Kb5 52. Bd4 Kc6 53. Kg3 h2 54. Kg2 Kd6 55. Kh1 Ke6 56. Kg2 Kf7 57. Bb6 Kf6 58. Bc7 Kg5 59. Bg3 h5 60. Bc7 Kf6 61. Bd6 Ke6 62. Bc7 Kf7 63. Bd6 Kf6 64. Bc7 Kg5 65. Bd6 Nf2 66. Kxh2 Nxe4 67. Be5 Kg4 68. Kg2 Nc5 69. Kh2 Nd3 70. Bg7 Nf4 71. Be5 Kf3 72. Bf6 Nd5 73. Bg7 Kg4 74. Bd4 Ne7 75. Bf6 Ng6 76. Bd4 Nh4 77. Bf6 Nf3+ 78. Kg2 Nd2 79. Kh2 Kf5 80. Bh8 Ne4 81. Kh3 Kg5 82. Bd4 Kg6 83. Bh8 Ng5+ 84. Kh4 Nf7 85. Bd4 Nd6 86. Kh3 Nf5 87. Be5 Kg5 88. Bh8 Ne7 89. Bd4 Nd5 90. Bh8 h4 91. Bg7 Nf4+ 92. Kh2 Kg4 93. Bd4 Kf3 94. Bg7 Ke4 95. Bf6 h3 96. Bh8 Kf3 97. Bg7 Kg4 98. Bd4 Nd3 99. Bg7 Ne1 100. Bf6 Nf3+ 101. Kh1 Kg3 102. Bg7 Nd2 103. Be5+ Kg4 104. Bg7 Ne4 105. Kh2 Ng3 106. Be5 Nf1+ 107. Kh1 Kf3 108. Bh8 Kg3 109. Be5+ Kf2 110. Bd4+ Kf3 111. Bh8 Kg3 112. Be5+ Kh4 113. Bf6+ Kg4 114. Bh8 Ne3 115. Kh2 Kh4 116. Bf6+ Kg4 117. Bh8 Nf5 118. Bf6 Nh4 119. Bh8 Nf3+ 120. Kh1 Kf4 121. Bg7 Ke3 122. Bh8 Kd3 123. Bg7 Ng5 124. Kh2 Ne4 125. Kxh3 Nxc3 126. Kg2 Ne2 127. Ba1 Nc3 128. Kf1 Kc2 129. Ke1 Nd1 130. Bd4 c3 131. Bxc3 Nxc3 1/2-1/2

[Event "EWICC 2019"]
[Site "Antalya"]
[Date "2019.04.21"]
[Round "10.13"]
[White "Bulmaga, Irina"]
[Black "Fataliyeva, Ulviyya"]
[Result "0-1"]
[WhiteElo "2438"]
[BlackElo "2266"]
[Annotator "NA"]
[PlyCount "102"]
[EventDate "2019.04.11"]
[EventType "swiss"]
[EventCountry "TUR"]
[SourceTitle "playchess.com"]
[Source "ChessBase"]
[SourceQuality "1"]

1. e4 e6 2. d4 d5 3. Nc3 Nf6 4. Bg5 Bb4 5. e5 h6 6. Bh4 g5 7. Bg3 Ne4 8. Nge2 f5 9. f3 Nxg3 10. hxg3 Bd7 11. a3 Bf8 12. Qd3 Qe7 13. O-O-O Nc6 14. g4 fxg4 15. fxg4 O-O-O 16. Ng3 Na5 17. Qd2 b6 18. Nh5 Be8 19. Nf6 Bg7 20. b4 Nc4 21. Bxc4 dxc4 22. Nce4 a5 23. Rh3 axb4 24. Qxb4 Qxb4 25. axb4 Bc6 26. Re3 Bxf6 27. Nxf6 Bxg2 28. Kb2 Kb7 29. Rd2 Bc6 30. Kc3 Bb5 31. Rh2 Ra8 32. Reh3 Ra3+ 33. Kb2 Ra4 34. Rxh6 Rha8 35. R6h3 Rxb4+ 36. Kc3 Rb1 37. Rh1 Ra3+ 38. Kd2 Rxh1 39. Rxa3 Bc6 40. Kc3 b5 41. Ra2 Rg1 42. Rb2 Kb6 43. Kb4 Ra1 44. Kc3 Ka5 45. d5 Bxd5 46. Nxd5 c5 47. Kd2 exd5 48. e6 Kb6 49. Rb1 c3+ 50. Ke2 Rxb1 51. e7 Rb4 0-1

[Event "EWICC 2019"]
[Site "Antalya"]
[Date "2019.04.21"]
[Round "10.14"]
[White "Paramzina, Anastasya"]
[Black "Hoang, Thanh Trang"]
[Result "1-0"]
[WhiteElo "2214"]
[BlackElo "2435"]
[Annotator "NA"]
[PlyCount "95"]
[EventDate "2019.04.11"]
[EventType "swiss"]
[EventCountry "TUR"]
[SourceTitle "playchess.com"]
[Source "ChessBase"]
[SourceQuality "1"]

1. e4 e6 2. d3 d5 3. Nd2 Nf6 4. Ngf3 c5 5. g3 Nc6 6. Bg2 Be7 7. O-O b5 8. a4 b4 9. b3 Ba6 10. Re1 O-O 11. Bb2 Rc8 12. h3 Qc7 13. e5 Nd7 14. g4 c4 15. bxc4 dxc4 16. Nxc4 Bxc4 17. dxc4 Na5 18. Re4 Rfd8 19. Bf1 Nxe5 20. Bd3 Nexc4 21. Bd4 Bc5 22. Qe2 Bxd4 23. Nxd4 Qc5 24. Nb3 Nxb3 25. cxb3 Na5 26. Ba6 Qc3 27. Re1 Rb8 28. Re3 Qd2 29. Qf1 Nc6 30. Bd3 g6 31. R1e2 Qxd3 32. Rxd3 Rxd3 33. Rxe6 Rc3 34. Rf6 Nd4 35. Qa6 Nf3+ 36. Kg2 Nh4+ 37. Kh2 Nf3+ 38. Kg2 Nh4+ 39. Kh2 Nf3+ 40. Kg3 Ng5+ 41. Kg2 Kg7 42. h4 Ne4 43. Rxf7+ Kxf7 44. Qxa7+ Ke6 45. Qxb8 Rc2 46. Kf3 Nd2+ 47. Kf4 h6 48. Qxb4 1-0

[Event "EWICC 2019"]
[Site "Antalya"]
[Date "2019.04.21"]
[Round "10.15"]
[White "Doluhanova, Evgeniya"]
[Black "Houska, Jovanka"]
[Result "0-1"]
[WhiteElo "2339"]
[BlackElo "2426"]
[Annotator "NA"]
[PlyCount "75"]
[EventDate "2019.04.11"]
[EventType "swiss"]
[EventCountry "TUR"]
[SourceTitle "playchess.com"]
[Source "ChessBase"]
[SourceQuality "1"]

1. e4 c6 2. d4 d5 3. e5 Bf5 4. Nd2 e6 5. Nb3 c5 6. dxc5 Bxc5 7. Nxc5 Qa5+ 8. c3 Qxc5 9. Nf3 Qc7 10. Be3 Ne7 11. Bb5+ Nd7 12. Qa4 a6 13. Qa3 Be4 14. Nd2 Nc6 15. f3 Bf5 16. f4 g5 17. Nf3 gxf4 18. Bxf4 Rg8 19. Bg3 Be4 20. Bxc6 bxc6 21. O-O Rb8 22. Nd2 Qb6+ 23. Kh1 Qxb2 24. Qxb2 Rxb2 25. Nxe4 dxe4 26. Rfe1 Rg4 27. Kg1 h5 28. Rab1 Rd2 29. Rb4 h4 30. Bf2 Nxe5 31. Rexe4 Rxe4 32. Rxe4 Nd3 33. Be1 Rd1 34. Kf1 Rxe1+ 35. Rxe1 Nxe1 36. Kxe1 f5 37. Ke2 Ke7 38. Ke3 0-1

[Event "EWICC 2019"]
[Site "Antalya"]
[Date "2019.04.21"]
[Round "10.16"]
[White "Salimova, Nurgyul"]
[Black "Gevorgyan, Maria"]
[Result "1-0"]
[WhiteElo "2415"]
[BlackElo "2256"]
[Annotator "NA"]
[PlyCount "97"]
[EventDate "2019.04.11"]
[EventType "swiss"]
[EventCountry "TUR"]
[SourceTitle "playchess.com"]
[Source "ChessBase"]
[SourceQuality "1"]

1. e4 c5 2. Nf3 Nc6 3. d4 cxd4 4. Nxd4 g6 5. Nc3 Bg7 6. Be3 Nf6 7. Nxc6 bxc6 8. e5 Ng8 9. f4 Nh6 10. Qd2 d6 11. O-O-O O-O 12. h3 Qa5 13. g4 Rb8 14. Bc4 Be6 15. Bb3 Rfd8 16. f5 dxe5 17. Qf2 Bxb3 18. cxb3 Rd4 19. f6 Rxd1+ 20. Rxd1 exf6 21. Qd2 g5 22. Qd6 Rc8 23. Kb1 Kh8 24. Ne4 Ng8 25. Qd7 Qc7 26. Bxa7 Bf8 27. Bb6 Qxd7 28. Rxd7 Kg7 29. a4 Ne7 30. Rd8 Kg6 31. a5 Rxd8 32. Bxd8 Nc8 33. Nxf6 Bc5 34. Kc2 Bd4 35. Kd3 Bxb2 36. a6 Bd4 37. Nd7 f5 38. Nf8+ Kf7 39. Nxh7 Nd6 40. Nxg5+ Ke8 41. Ba5 fxg4 42. hxg4 Nb5 43. Ne6 Ba7 44. Nc7+ Kd7 45. Nxb5 cxb5 46. Bc3 Kd6 47. Ke4 Kc5 48. Bxe5 Kb4 49. g5 1-0

[Event "EWICC 2019"]
[Site "Antalya"]
[Date "2019.04.21"]
[Round "10.18"]
[White "Mkrtchian, Lilit"]
[Black "Caglar, Sila"]
[Result "1-0"]
[WhiteElo "2397"]
[BlackElo "2140"]
[Annotator "NA"]
[PlyCount "87"]
[EventDate "2019.04.11"]
[EventType "swiss"]
[EventCountry "TUR"]
[SourceTitle "playchess.com"]
[Source "ChessBase"]
[SourceQuality "1"]

1. Nf3 d5 2. d4 e6 3. c4 Bb4+ 4. Nc3 dxc4 5. e3 b5 6. a4 c6 7. Bd2 Bxc3 8. Bxc3 Nf6 9. axb5 cxb5 10. b3 O-O 11. bxc4 bxc4 12. Bxc4 Qc7 13. Qb3 Nbd7 14. Ba5 Qc6 15. O-O Rb8 16. Qd3 Bb7 17. Rfc1 Rfc8 18. Bd2 Qd6 19. Rxa7 Be4 20. Qa3 Qxa3 21. Rxa3 Rb2 22. Bc3 Rb6 23. Nd2 Bd5 24. Bd3 e5 25. dxe5 Nxe5 26. Bf5 Be6 27. Bxe6 Rxe6 28. Rca1 h5 29. Ra8 Rxa8 30. Rxa8+ Kh7 31. e4 Nd3 32. f3 Rc6 33. Ra3 Ne8 34. Bxg7 Rc1+ 35. Nf1 Nf4 36. Be5 Ng6 37. Bd4 Nd6 38. Ra1 Rc2 39. Ne3 Rd2 40. Rd1 Ra2 41. Nd5 Nc4 42. Rc1 Nd2 43. Nf6+ Kh6 44. Be3+ 1-0

[Event "EWICC 2019"]
[Site "Antalya"]
[Date "2019.04.21"]
[Round "10.19"]
[White "Hernandez Estevez, Yudania"]
[Black "Milliet, Sophie"]
[Result "1/2-1/2"]
[WhiteElo "2198"]
[BlackElo "2394"]
[Annotator "NA"]
[PlyCount "79"]
[EventDate "2019.04.11"]
[EventType "swiss"]
[EventCountry "TUR"]
[SourceTitle "playchess.com"]
[Source "ChessBase"]
[SourceQuality "1"]

1. e4 c5 2. Nf3 d6 3. d4 cxd4 4. Nxd4 Nf6 5. Nc3 a6 6. h3 e5 7. Nb3 Be6 8. f4 g6 9. Be3 exf4 10. Bxf4 Nh5 11. Be3 Be7 12. Qf3 Bh4+ 13. Bf2 Nc6 14. Bxh4 Qxh4+ 15. Qf2 Qxf2+ 16. Kxf2 O-O 17. Be2 Nf6 18. Rad1 Rfd8 19. Rd2 b5 20. a3 b4 21. axb4 Nxb4 22. Na5 Rab8 23. Rhd1 Rdc8 24. Rxd6 Na2 25. Bd3 Rxb2 26. Nxa2 Rxa2 27. Nc6 Kf8 28. Nb4 Rb2 29. Nxa6 Rcxc2+ 30. Bxc2 Nxe4+ 31. Kg1 Nxd6 32. Bxg6 hxg6 33. Rxd6 Bf5 34. Nc5 Rc2 35. Nb3 Rb2 36. Nd2 Kg7 37. Nf3 Be4 38. Rd2 Rb1+ 39. Kf2 Bxf3 40. Kxf3 1/2-1/2

[Event "EWICC 2019"]
[Site "Antalya"]
[Date "2019.04.21"]
[Round "10.20"]
[White "Garcia Martin, Marta"]
[Black "Arabidze, Meri"]
[Result "1/2-1/2"]
[WhiteElo "2315"]
[BlackElo "2399"]
[Annotator "NA"]
[PlyCount "57"]
[EventDate "2019.04.11"]
[EventType "swiss"]
[EventCountry "TUR"]
[SourceTitle "playchess.com"]
[Source "ChessBase"]
[SourceQuality "1"]

1. e4 c5 2. Nf3 e6 3. d4 cxd4 4. Nxd4 Nc6 5. Nc3 Qc7 6. g3 a6 7. Bg2 Nf6 8. O-O d6 9. Nxc6 bxc6 10. Na4 e5 11. c4 Be6 12. Qc2 Be7 13. c5 d5 14. exd5 Nxd5 15. Nb6 Rd8 16. Bd2 Nxb6 17. cxb6 Qxb6 18. Bxc6+ Bd7 19. Bxd7+ Rxd7 20. Bc3 f6 21. Rad1 Rxd1 22. Rxd1 O-O 23. Rd7 Qe6 24. Qb3 Qxb3 25. axb3 Re8 26. Ra7 Kf8 27. Rxa6 Rb8 28. Ra4 Rxb3 29. f4 1/2-1/2

[Event "EWICC 2019"]
[Site "Antalya"]
[Date "2019.04.21"]
[Round "10.21"]
[White "Rapport, Jovana"]
[Black "Tomilova, Elena"]
[Result "1-0"]
[WhiteElo "2385"]
[BlackElo "2307"]
[Annotator "NA"]
[PlyCount "105"]
[EventDate "2019.04.11"]
[EventType "swiss"]
[EventCountry "TUR"]
[SourceTitle "playchess.com"]
[Source "ChessBase"]
[SourceQuality "1"]

1. d4 Nf6 2. Nf3 d5 3. c4 e6 4. Bg5 dxc4 5. e4 b5 6. a4 c6 7. Nc3 b4 8. Nb1 Ba6 9. e5 h6 10. Bxf6 gxf6 11. exf6 Qxf6 12. Nbd2 c3 13. bxc3 bxc3 14. Ne4 Qg6 15. Nxc3 Bb4 16. Rc1 Bxf1 17. Kxf1 Nd7 18. g3 O-O 19. h4 Rfd8 20. h5 Qh7 21. Qe2 Ba3 22. Rc2 Nf6 23. g4 Nd5 24. Ne4 Rab8 25. Nfd2 Be7 26. Rxc6 Nf4 27. Qe3 Bg5 28. Nxg5 hxg5 29. Rc5 Rb1+ 30. Nxb1 Qxb1+ 31. Rc1 Qb7 32. f3 Rxd4 33. h6 Kh7 34. Rh2 Qd7 35. Re1 Qxa4 36. Qe5 f6 37. Qxf6 Qc4+ 38. Kg1 Rd7 39. Rd2 Qc5+ 40. Kh1 Qc6 41. Rxd7+ Qxd7 42. Qxg5 Ng6 43. Qf6 e5 44. Qg7+ Qxg7 45. hxg7 Kxg7 46. Kg2 Kf6 47. Ra1 Kg5 48. Kg3 Nf4 49. Rxa7 Ne2+ 50. Kf2 Nd4 51. Ke3 Kf6 52. Ke4 Ne6 53. Ra6 1-0

[Event "EWICC 2019"]
[Site "Antalya"]
[Date "2019.04.21"]
[Round "10.22"]
[White "Zimina, Olga"]
[Black "Babiy, Olga"]
[Result "1-0"]
[WhiteElo "2377"]
[BlackElo "2289"]
[Annotator "NA"]
[PlyCount "61"]
[EventDate "2019.04.11"]
[EventType "swiss"]
[EventCountry "TUR"]
[SourceTitle "playchess.com"]
[Source "ChessBase"]
[SourceQuality "1"]

1. d4 d5 2. c4 dxc4 3. e3 Nf6 4. Bxc4 e6 5. Nf3 c5 6. O-O a6 7. dxc5 Bxc5 8. Qxd8+ Kxd8 9. Ne5 Ke7 10. Be2 Nbd7 11. Nc4 a5 12. Nc3 b6 13. Na4 Ba6 14. b3 Bb4 15. Rd1 b5 16. a3 bxc4 17. axb4 axb4 18. bxc4 Rhc8 19. Nb2 Nc5 20. Bd2 Rab8 21. f3 Nfd7 22. e4 Rc6 23. Be1 g5 24. Bf1 h6 25. Na4 Nxa4 26. Rxa4 Bxc4 27. Ra7 Rd8 28. Bxb4+ Ke8 29. Ba5 Bxf1 30. Bxd8 Bb5 31. Raxd7 1-0

[Event "EWICC 2019"]
[Site "Antalya"]
[Date "2019.04.21"]
[Round "10.23"]
[White "Matnadze, Ana"]
[Black "Yildiz Kadioglu, Betul Cemre"]
[Result "1-0"]
[WhiteElo "2367"]
[BlackElo "2281"]
[Annotator "NA"]
[PlyCount "79"]
[EventDate "2019.04.11"]
[EventType "swiss"]
[EventCountry "TUR"]
[SourceTitle "playchess.com"]
[Source "ChessBase"]
[SourceQuality "1"]

1. Nf3 d5 2. g3 Nf6 3. Bg2 b5 4. a4 b4 5. c4 Bb7 6. Ne5 e6 7. a5 c6 8. d4 Nfd7 9. Nxd7 Qxd7 10. Nd2 c5 11. cxd5 Bxd5 12. Nf3 cxd4 13. Qxd4 Nc6 14. Qd3 b3 15. O-O Nb4 16. Qd1 Qb7 17. Bg5 Nc2 18. a6 Qc8 19. Ra4 Bb4 20. e4 Bc4 21. Rxb4 Nxb4 22. Qd6 f6 23. Qxb4 Bxf1 24. Bxf1 Rb8 25. Qa4+ Kf7 26. Bf4 Rb6 27. Be3 Qc6 28. Qa5 Rhb8 29. Bxb6 Rxb6 30. Qh5+ Kg8 31. e5 g6 32. Qg4 f5 33. Qf4 Qe4 34. Nd2 Rb4 35. Bc4 Kf7 36. Nxe4 Ke7 37. Nd2 Ra4 38. Kf1 Ra2 39. Ke2 Rxb2 40. Bxb3 1-0

[Event "EWICC 2019"]
[Site "Antalya"]
[Date "2019.04.21"]
[Round "10.24"]
[White "Belenkaya, Dina"]
[Black "Ovod, Evgenija"]
[Result "1-0"]
[WhiteElo "2297"]
[BlackElo "2367"]
[Annotator "NA"]
[PlyCount "149"]
[EventDate "2019.04.11"]
[EventType "swiss"]
[EventCountry "TUR"]
[SourceTitle "playchess.com"]
[Source "ChessBase"]
[SourceQuality "1"]

1. e4 e6 2. d4 d5 3. Nc3 dxe4 4. Nxe4 Bd7 5. Nf3 Bc6 6. Bd3 Nd7 7. O-O Ngf6 8. Ng3 Be7 9. Qe2 Bxf3 10. Qxf3 c6 11. b3 O-O 12. Bb2 Qa5 13. a3 Rfe8 14. Rfe1 Rad8 15. c4 Nf8 16. b4 Qg5 17. Rad1 Ng6 18. Ne4 Nxe4 19. Qxe4 Bd6 20. Bc2 Qh5 21. g3 f5 22. Qe2 Qh3 23. f4 Nf8 24. Rd3 Be7 25. Re3 Bf6 26. Rd1 Re7 27. Bb3 h6 28. c5 Rde8 29. Re1 Kh7 30. Qf2 g5 31. fxg5 Bxg5 32. Rf3 Nd7 33. Qg2 Qxg2+ 34. Kxg2 h5 35. a4 Bd2 36. Re2 Bxb4 37. Bc1 Kg6 38. h4 e5 39. Bg5 Nf6 40. Bxf6 Kxf6 41. Ref2 f4 42. dxe5+ Kxe5 43. Rxf4 Bxc5 44. Rf5+ Kd4 45. Bf7 Rf8 46. R2f4+ Re4 47. Rf1 b6 48. Rxh5 Re3 49. Rh6 Re7 50. Rhf6 Kc3 51. h5 Kd2 52. h6 Bd4 53. Rd6 Rexf7 54. Rxd4+ Ke3 55. Rxf7 Rxf7 56. Rd6 c5 57. Re6+ Kd4 58. g4 Kd5 59. Re8 c4 60. g5 Rh7 61. Kf3 c3 62. Rc8 Ke6 63. Kg4 Rd7 64. Rxc3 Kf7 65. Kh5 Rd5 66. Rc7+ Kg8 67. Rxa7 Rc5 68. Rb7 Rd5 69. Rxb6 Ra5 70. Kg6 Ra8 71. a5 Kh8 72. a6 Rg8+ 73. Kh5 Ra8 74. g6 Kg8 75. a7 1-0

[Event "EWICC 2019"]
[Site "Antalya"]
[Date "2019.04.21"]
[Round "10.25"]
[White "Sandu, Mihaela"]
[Black "Narva, Mai"]
[Result "0-1"]
[WhiteElo "2278"]
[BlackElo "2365"]
[Annotator "NA"]
[PlyCount "112"]
[EventDate "2019.04.11"]
[EventType "swiss"]
[EventCountry "TUR"]
[SourceTitle "playchess.com"]
[Source "ChessBase"]
[SourceQuality "1"]

1. e4 c5 2. Nf3 e6 3. d4 cxd4 4. Nxd4 Nc6 5. Nc3 Qc7 6. Qd3 Nxd4 7. Qxd4 a6 8. Be3 b5 9. Be2 Ne7 10. Qb6 Qxb6 11. Bxb6 Bb7 12. f3 Rc8 13. O-O-O d5 14. Rhe1 dxe4 15. Nxe4 Nd5 16. Bd4 f6 17. Bf1 Bb4 18. c3 O-O 19. Kb1 Be7 20. Ng3 Kf7 21. Ne4 Rfd8 22. Nd2 e5 23. Bf2 Nf4 24. Ne4 Bd5 25. Be3 Ne6 26. Bd3 g6 27. Bc2 f5 28. Nf2 Kf6 29. Nd3 Bd6 30. Bb6 Rd7 31. Nc1 Bc7 32. Be3 Rcd8 33. a4 Rb8 34. axb5 axb5 35. Nd3 Bd6 36. Bf2 e4 37. fxe4 Bxe4 38. Nb4 Bxg2 39. Rd2 Bf3 40. Nd5+ Kf7 41. Bb3 Be4+ 42. Rxe4 fxe4 43. Nf4 Re8 44. Bc5 Bxf4 45. Rxd7+ Kf6 46. Bf2 e3 47. Be1 h5 48. h4 g5 49. hxg5+ Bxg5 50. Rh7 Nf4 51. c4 bxc4 52. Bxc4 e2 53. Kc2 h4 54. Rf7+ Kg6 55. Rc7 Re5 56. Rc8 Ng2 0-1

[Event "EWICC 2019"]
[Site "Antalya"]
[Date "2019.04.21"]
[Round "10.26"]
[White "Abdulla, Khayala"]
[Black "Arakhamia-Grant, Ketevan"]
[Result "0-1"]
[WhiteElo "2228"]
[BlackElo "2360"]
[Annotator "NA"]
[PlyCount "92"]
[EventDate "2019.04.11"]
[EventType "swiss"]
[EventCountry "TUR"]
[SourceTitle "playchess.com"]
[Source "ChessBase"]
[SourceQuality "1"]

1. e4 c5 2. c3 d5 3. exd5 Qxd5 4. Nf3 Nf6 5. d4 e6 6. Na3 Qd8 7. Nc4 Be7 8. Be3 cxd4 9. Nxd4 O-O 10. Qc2 a6 11. O-O-O Qc7 12. g4 Nxg4 13. Rg1 Nxe3 14. fxe3 Nc6 15. Nxc6 Qxc6 16. Rd4 f5 17. Bg2 Qc7 18. Qb3 Rb8 19. Rgd1 Bc5 20. R4d3 Qxh2 21. Bh1 b5 22. Nd2 Qc7 23. Nf3 a5 24. Nd4 a4 25. Qc2 Rb6 26. Ne2 Rd6 27. Rxd6 Bxd6 28. Qd3 Bc5 29. Qxb5 Bxe3+ 30. Kb1 a3 31. b3 Rd8 32. Rf1 h6 33. Qb4 Qc5 34. Qb8 Qd6 35. Qxd6 Rxd6 36. c4 Rd2 37. Bf3 e5 38. Nc3 Rb2+ 39. Ka1 Bd4 40. Bd5+ Kh7 41. Rc1 Bd7 42. Bb7 h5 43. c5 Bxc5 44. Nb5 Bxb5 45. Rxc5 Bd3 46. Rc1 e4 0-1

[Event "EWICC 2019"]
[Site "Antalya"]
[Date "2019.04.21"]
[Round "10.27"]
[White "Kusenkova, Natallia"]
[Black "Brunello, Marina"]
[Result "0-1"]
[WhiteElo "2211"]
[BlackElo "2356"]
[Annotator "NA"]
[PlyCount "162"]
[EventDate "2019.04.11"]
[EventType "swiss"]
[EventCountry "TUR"]
[SourceTitle "playchess.com"]
[Source "ChessBase"]
[SourceQuality "1"]

1. d4 d5 2. c4 c6 3. Nf3 Nf6 4. Qc2 dxc4 5. Qxc4 Bf5 6. g3 e6 7. Bg2 Nbd7 8. O-O Be7 9. Nc3 h6 10. Re1 Ne4 11. Qb3 Qb6 12. Nh4 Bxh4 13. gxh4 Ndf6 14. f3 Nxc3 15. bxc3 Qc7 16. e4 Bh7 17. Ba3 g5 18. Rab1 b6 19. hxg5 hxg5 20. Bc1 Bg6 21. Bxg5 Qxh2+ 22. Kf1 Rg8 23. Qc4 Bxe4 24. Rxe4 Rxg5 25. Qxc6+ Ke7 26. Qb7+ Nd7 27. Rg4 Rag8 28. Rxg5 Rxg5 29. Rb2 Qf4 30. Rc2 Rd5 31. Qxa7 Rb5 32. Qa3+ Nc5 33. Qc1 Qxc1+ 34. Rxc1 Nd3 35. Rd1 Nf4 36. Rd2 Rb1+ 37. Kf2 Rc1 38. Bf1 Rxc3 39. Rb2 Nd5 40. Ba6 Rc7 41. Bd3 f5 42. Rc2 Ra7 43. Bc4 Kd6 44. Rb2 Rh7 45. Kg1 Rg7+ 46. Kf2 Rh7 47. Kg1 Kc7 48. Bxd5 exd5 49. Rh2 Rf7 50. Rh6 f4 51. Kf2 Kb7 52. Rd6 Rf5 53. Ke2 Kc7 54. Re6 Rf8 55. Re7+ Kd6 56. Rb7 Kc6 57. Ra7 Kb5 58. Kd2 Kb4 59. a3+ Kb5 60. Rb7 Ra8 61. Rf7 Rxa3 62. Rxf4 Kc4 63. Rf6 b5 64. f4 b4 65. f5 Kxd4 66. Rf8 Ra2+ 67. Kc1 Rf2 68. f6 Kc3 69. Rc8+ Kb3 70. Rf8 d4 71. f7 d3 72. Rd8 Rf1+ 73. Kd2 Rxf7 74. Kxd3 Kb2 75. Kc4 Rf4+ 76. Kd3 b3 77. Kd2 Kb1 78. Kd1 Rf5 79. Kd2 b2 80. Rd7 Ra5 81. Rb7 Ka1 0-1

[Event "EWICC 2019"]
[Site "Antalya"]
[Date "2019.04.21"]
[Round "10.28"]
[White "Khukhashvili, Sopiko"]
[Black "Gajcin, Marina"]
[Result "1/2-1/2"]
[WhiteElo "2342"]
[BlackElo "2247"]
[Annotator "NA"]
[PlyCount "105"]
[EventDate "2019.04.11"]
[EventType "swiss"]
[EventCountry "TUR"]
[SourceTitle "playchess.com"]
[Source "ChessBase"]
[SourceQuality "1"]

1. e4 c5 2. Nc3 Nc6 3. g3 g6 4. Bg2 Bg7 5. d3 e6 6. Be3 d6 7. Qd2 a6 8. Nge2 Nd4 9. Nc1 Ne7 10. Nd1 e5 11. c3 Bh3 12. f4 Bxg2 13. Qxg2 Ndc6 14. O-O Qd7 15. Ne2 O-O 16. f5 f6 17. g4 b5 18. Nf2 b4 19. c4 Nd4 20. Bxd4 cxd4 21. h4 gxf5 22. gxf5 Kh8 23. Kh1 Qe8 24. Qf3 Bh6 25. Kh2 Rg8 26. Kh3 Qf7 27. Rh1 Rg7 28. Ng4 Be3 29. Nxe3 dxe3 30. Rhg1 Rag8 31. Rxg7 Qxg7 32. Rg1 Qh6 33. Rxg8+ Kxg8 34. Ng3 Nc6 35. Nf1 Qf4 36. Qg3+ Qxg3+ 37. Nxg3 Nd4 38. Kg2 a5 39. b3 Kg7 40. Kf1 Kh6 41. Ke1 Nf3+ 42. Ke2 Nxh4 43. Kxe3 Ng2+ 44. Kd2 Kg5 45. d4 exd4 46. Kd3 Nf4+ 47. Kxd4 Kg4 48. Nf1 Kf3 49. Nh2+ Kg3 50. Nf1+ Kf3 51. Nh2+ Kg3 52. Nf1+ Kf3 53. Nh2+ 1/2-1/2

[Event "EWICC 2019"]
[Site "Antalya"]
[Date "2019.04.21"]
[Round "10.29"]
[White "Buksa, Nataliya"]
[Black "Maltsevskaya, Aleksandra"]
[Result "0-1"]
[WhiteElo "2407"]
[BlackElo "2296"]
[Annotator "NA"]
[PlyCount "96"]
[EventDate "2019.04.11"]
[EventType "swiss"]
[EventCountry "TUR"]
[SourceTitle "playchess.com"]
[Source "ChessBase"]
[SourceQuality "1"]

1. e4 c6 2. d4 d5 3. Nc3 dxe4 4. Nxe4 Bf5 5. Ng3 Bg6 6. h4 h6 7. Nf3 e6 8. Ne5 Bh7 9. Bd3 Bxd3 10. Qxd3 Nd7 11. Bf4 Nxe5 12. Bxe5 Qa5+ 13. c3 Rd8 14. Qf3 Ne7 15. h5 Qa6 16. Ne4 Nd5 17. Rh3 f5 18. Nd2 Rg8 19. Rg3 Be7 20. Rg6 Kd7 21. Rxg7 Rxg7 22. Bxg7 Bg5 23. g3 Qb5 24. O-O-O Nb6 25. Kb1 Kc8 26. Nb3 Nc4 27. Re1 Qxb3 28. Qxc6+ bxc6 29. axb3 Nd2+ 30. Kc2 Ne4 31. f3 Nxg3 32. Rxe6 Kd7 33. d5 cxd5 34. Ra6 Nxh5 35. Bxh6 Rg8 36. Rxa7+ Ke6 37. Ra6+ Ke5 38. b4 Nf4 39. b5 Bxh6 40. Rxh6 Rg2+ 41. Kb1 Nd3 42. b4 d4 43. Rc6 dxc3 44. Rxc3 Kd4 45. Rc7 Rb2+ 46. Ka1 Rxb4 47. Rd7+ Kc3 48. Rd5 Rh4 0-1

[Event "EWICC 2019"]
[Site "Antalya"]
[Date "2019.04.21"]
[Round "10.30"]
[White "Osmak, Iulija"]
[Black "Worek, Joanna"]
[Result "0-1"]
[WhiteElo "2399"]
[BlackElo "2299"]
[Annotator "NA"]
[PlyCount "120"]
[EventDate "2019.04.11"]
[EventType "swiss"]
[EventCountry "TUR"]
[SourceTitle "playchess.com"]
[Source "ChessBase"]
[SourceQuality "1"]

1. e4 c5 2. Nf3 Nc6 3. Bb5 g6 4. O-O Bg7 5. Re1 e5 6. Bxc6 dxc6 7. d3 Ne7 8. Nbd2 h6 9. Nc4 Qc7 10. Bd2 Be6 11. Bc3 f6 12. Ne3 O-O 13. Nd2 Rae8 14. Nef1 Nc8 15. Qe2 Nd6 16. a4 b6 17. Qe3 Nf7 18. Nf3 h5 19. Nh4 Kh7 20. Qg3 Nh8 21. Bd2 Qd7 22. Qe3 g5 23. Nf3 Ng6 24. Kh1 Bh6 25. Ng1 h4 26. a5 Rb8 27. axb6 axb6 28. Qe2 Ra8 29. Be3 Qb7 30. b3 Rfd8 31. h3 Nf4 32. Bxf4 exf4 33. Nh2 Kg6 34. Ngf3 Bg7 35. e5 f5 36. Qd2 Rxa1 37. Rxa1 Rh8 38. Qe2 Qd7 39. Ra6 Qb7 40. Ra4 Ra8 41. Rxa8 Qxa8 42. Qd1 Qd8 43. Qa1 g4 44. Ng1 Qc7 45. Qa8 Bxe5 46. hxg4 fxg4 47. f3 g3 48. Ng4 Bxg4 49. Qe8+ Kg7 50. fxg4 Bd4 51. Qe6 Qa7 52. g5 Qa1 53. Qh6+ Kf7 54. Qh7+ Ke6 55. Qg6+ Kd7 56. Qf7+ Kc8 57. Qe8+ Kb7 58. Qd7+ Ka6 59. Qc8+ Kb5 60. c4+ Kb4 0-1